Dispersion of materials /

Bibliographic Details
Main Author: Hammond, Rolt
Format: Book
Language:English
Published: London : Heywood, 1958.
Series:Physical processes in the chemical industry ; v. 2.
Subjects:

MARC

Tag First Indicator Second Indicator Subfields
LEADER 00000cam a2200000 i 4500
001 in00000099574
005 20150926125628.0
008 780911s1958 enka b 00110 eng d
035 |a (OCoLC)04212531 
035 |9 AAL3995AM 
040 |a GAT  |c GAT  |d TXA  |d UtOrBLW 
049 |a TXAM  |c [1147733] 
050 0 |a TP155  |b .H27 1958a 
100 1 |a Hammond, Rolt. 
245 1 0 |a Dispersion of materials /  |c Rolt Hammond. 
264 1 |a London :  |b Heywood,  |c 1958. 
300 |a ix, 230 pages :  |b illustrations ;  |c 23 cm. 
336 |a text  |b txt  |2 rdacontent 
337 |a unmediated  |b n  |2 rdamedia 
338 |a volume  |b nc  |2 rdacarrier 
490 1 |a Physical processes in the chemical industry ;  |v v. 2 
504 |a Includes bibliographies. 
650 0 |a Chemical engineering. 
830 0 |a Physical processes in the chemical industry ;  |v v. 2. 
999 |a MARS 
999 f f |s 6be8ba06-68cc-3018-a21d-4943895b2703  |i bea2fc84-9919-35b0-92ae-eaf0b63c1181  |t 0 
952 f f |p ric  |a Texas A&M University  |b Rellis Campus  |c Joint Library Facility  |d Remote Storage  |t 0  |e TP155 .H27 1958a  |h Library of Congress classification  |i unmediated -- volume  |m A14805596540 
998 f f |a TP155 .H27 1958a  |t 0  |l Remote Storage